[Event "Challenge"]
[Site "http://www.queenalice.com/game.php?id=26758"]
[Date "2005.8.31"]
[Round "-"]
[White "quebrado2005"]
[Black "phakister"]
[Result "0-1"]
[WhiteElo "1313"]
[BlackElo "1770"]

1. e4 e5 2. Qf3 Nf6 3. Bc4 d6 4. d3 h6 5. Ne2 Nc6 6. Bb5 Bg4 7. Bxc6+ bxc6 8.
Qg3 Qd7 9. f3 Bh5 10. Nbc3 O-O-O 11. Be3 a6 12. O-O-O Re8 13. Na4 c5 14. c4 Qxa4
15. a3 Kd7 16. Qh3+ Ke7 17. g4 Bg6 18. Qh4 Rb8 19. g5 Qb3 20. gxf6+ gxf6 21. f4
Qxb2# 0-1

[Event "AUTO-OPEN-634"]
[Site "http://www.queenalice.com/game.php?id=201001"]
[Date "2007.4.22"]
[Round "1"]
[White "flucris2701"]
[Black "phakister"]
[Result "0-1"]
[WhiteElo "1462"]
[BlackElo "1645"]

1. e4 e5 2. Nf3 Bd6 3. Bc4 Nf6 4. O-O O-O 5. Ng5 Qe7 6. d3 h6 7. Nf3 Nc6 8. Bb5
a6 9. Bxc6 dxc6 10. Nc3 Rd8 11. Be3 Bg4 12. h3 Bxf3 13. Qxf3 b5 14. a3 b4 15.
axb4 Bxb4 16. Bd2 Bxc3 17. Bxc3 c5 18. Qf5 Nd7 19. Rab1 g6 20. Qf3 Qe6 21. Ba5
Rdc8 22. b3 Rab8 23. c4 h5 24. Rb2 Nb6 25. Bxb6 Rxb6 26. Ra1 Qd7 27. Qe3 Qd6 28.
Qe2 Qd4 29. Raa2 Rcb8 30. Kh2 Rxb3 31. Rxb3 Rxb3 32. Rxa6 Rxd3 33. Ra8+ Kg7 34.
Ra7 Rd2 35. Qf3 Rxf2 36. Qg3 Rf1 37. h4 Qg1+ 38. Kh3 Rf4 39. Rxc7 Rxe4 40. Rc6
Qh1+ 41. Qh2 Rxh4+ 42. Kxh4 Qxh2+ 43. Kg5 Qf4# 0-1

[Event "AUTO-OPEN-634"]
[Site "http://www.queenalice.com/game.php?id=201002"]
[Date "2007.4.22"]
[Round "1"]
[White "phakister"]
[Black "flucris2701"]
[Result "1-0"]
[WhiteElo "1656"]
[BlackElo "1462"]

1. e4 e5 2. Nf3 Nc6 3. Bc4 Nh6 4. h3 d6 5. O-O Be7 6. d3 O-O 7. Nc3 Be6 8. Bxe6
Nd4 9. Bd5 Nxf3+ 10. Qxf3 c6 11. Bb3 Bg5 12. g3 Bxc1 13. Raxc1 Qf6 14. Qxf6 gxf6
15. f4 exf4 16. Rxf4 Rae8 17. Rxf6 Kg7 18. Rcf1 Rd8 19. g4 d5 20. g5 Ng8 21.
R6f5 Kg6 22. R1f4 dxe4 23. dxe4 Rd7 24. h4 Ne7 25. Bxf7+ Kg7 26. Be6 Nxf5 27.
Bxd7 Ne3 28. Rxf8 Kxf8 29. Bc8 b5 30. Kf2 Nxc2 31. e5 Nd4 32. Ke3 Nc2+ 33. Ke4
Kf7 34. Bd7 Nb4 35. a3 Ke7 36. h5 Nc2 37. Bxc6 a6 38. Nd5+ Ke6 39. Nf6 Ne1 40.
g6 h6 41. g7 Nf3 42. g8=Q+ Ke7 43. Qe8# 1-0

[Event "AUTO-OPEN-634"]
[Site "http://www.queenalice.com/game.php?id=201031"]
[Date "2007.4.22"]
[Round "1"]
[White "phakister"]
[Black "J_Ricardo"]
[Result "0-1"]
[WhiteElo "1699"]
[BlackElo "1501"]

1. e4 e5 2. Nf3 d6 3. d3 Bg4 4. Nc3 a6 5. h3 Bxf3 6. Qxf3 h6 7. Be3 Nf6 8. d4
Nbd7 9. Rd1 b5 10. a3 Be7 11. dxe5 dxe5 12. Nd5 Nxd5 13. exd5 O-O 14. Bd3 Nf6
15. Be2 Bd6 16. Bd2 Qe7 17. g3 e4 18. Qb3 a5 19. Bxb5 Rab8 20. Qc4 Qe5 21. Bc3
Qf5 22. g4 Qf3 23. Qf1 Nxd5 24. Be2 Qf4 25. Bxa5 Rxb2 26. Bd2 Qe5 27. f3 Rxc2
28. Rc1 Ra2 29. f4 Nxf4 30. Bxf4 Qd4 31. Rd1 Qc3+ 32. Rd2 Ra1+ 33. Bd1 Bxa3 34.
Ke2 Qc4+ 35. Ke3 Bc5+ 0-1

[Event "AUTO-OPEN-634"]
[Site "http://www.queenalice.com/game.php?id=201032"]
[Date "2007.4.22"]
[Round "1"]
[White "J_Ricardo"]
[Black "phakister"]
[Result "1/2-1/2"]
[WhiteElo "1455"]
[BlackElo "1715"]

1. e4 e5 2. Bc4 c6 3. Qf3 Nf6 4. d3 h6 5. g4 d5 6. exd5 cxd5 7. Bb3 Bxg4 8. Qg3
Qa5+ 9. Bd2 Qc7 10. h3 Bf5 11. Nc3 a6 12. Nxd5 Nxd5 13. Bxd5 Nd7 14. Qf3 g6 15.
Bxb7 Rb8 16. Bc6 Rxb2 17. Bc3 Rb6 18. Bxd7+ Kxd7 19. Qd5+ Kc8 20. Ba5 Bb4+ 21.
Bxb4 Rxb4 22. Rc1 Rb5 23. Qa8+ Rb8 24. Qxa6+ Qb7 25. Qc4+ Qc7 26. Qa6+ Qb7 27.
Qc4+ Qc7 28. Qa6+ Qb7 1/2-1/2

[Event "AUTO-OPEN-634"]
[Site "http://www.queenalice.com/game.php?id=201033"]
[Date "2007.4.22"]
[Round "1"]
[White "phakister"]
[Black "vinchent78"]
[Result "1/2-1/2"]
[WhiteElo "1666"]
[BlackElo "2023"]

1. e4 c5 2. c4 Nc6 3. Ne2 e6 4. b3 d5 5. Ng3 Nf6 6. Bd3 dxe4 7. Bxe4 Nxe4 8.
Nxe4 Qd4 9. Nec3 Bd6 10. g3 O-O 11. O-O b6 12. Na3 Bb7 13. Nab5 Qd3 14. Bb2 Ne5
15. f4 Nf3+ 16. Kg2 Nh4+ 17. Kg1 Nf3+ 18. Rxf3 Bxf3 19. Qf1 Qxd2 20. Bc1 Qc2 21.
Qxf3 Rad8 22. Be3 a6 23. Rc1 Qb2 24. Rb1 Qc2 25. Rc1 Qb2 26. Rb1 Qc2 27. Rc1
1/2-1/2

[Event "AUTO-OPEN-634"]
[Site "http://www.queenalice.com/game.php?id=201034"]
[Date "2007.4.22"]
[Round "1"]
[White "vinchent78"]
[Black "phakister"]
[Result "0-1"]
[WhiteElo "1966"]
[BlackElo "1772"]

1. d4 d5 2. c4 Be6 3. Nf3 Nc6 4. Nc3 Nf6 5. Bg5 a6 6. e3 dxc4 7. Bxf6 gxf6 8. d5
Bxd5 9. Qxd5 Qxd5 10. Nxd5 Rc8 11. Bxc4 b5 12. Bb3 Na5 13. O-O e6 14. Nxf6+ Ke7
15. Ne4 Bg7 16. Rad1 Bxb2 17. Nc5 Ba3 18. Nxa6 Bd6 19. h4 Ra8 20. Rxd6 cxd6 21.
Nb4 Nxb3 22. axb3 Rhc8 23. Nd4 Kd7 24. Rd1 Ra5 25. Nd3 Rca8 26. f4 Rg8 27. b4
Ra2 28. Ne1 Rb8 29. g4 d5 30. Nd3 Kd6 31. g5 Ra3 32. Kf2 Rc3 33. Ne5 Rb7 34.
Nxf7+ Ke7 35. Ne5 Rb6 36. h5 Ra6 37. Nxb5 Rc2+ 38. Kf3 Raa2 39. Nd3 Rh2 40. f5
Rh3+ 41. Kf4 Rh4+ 42. Kg3 Rxh5 43. f6+ Kf8 44. Kg4 Rah2 45. Nc5 R5h4+ 46. Kf3
R4h3+ 0-1

[Event "Challenge"]
[Site "http://www.queenalice.com/game.php?id=201075"]
[Date "2007.4.23"]
[Round "-"]
[White "Mike36bh"]
[Black "phakister"]
[Result "1-0"]
[WhiteElo "1723"]
[BlackElo "1664"]

1. d4 d5 2. Nc3 Nf6 3. Bf4 e6 4. a3 Bd6 5. Bg5 O-O 6. e4 h6 7. Bxf6 Qxf6 8. e5
Bxe5 9. dxe5 Qxe5+ 10. Be2 d4 11. Nf3 Qf6 12. Ne4 Qd8 13. O-O Nc6 14. h3 e5 15.
Bd3 f5 16. Bc4+ Kh8 17. Nc5 Qd6 18. b4 e4 19. Ne1 b6 20. Nb3 f4 21. b5 Ne5 22.
Be2 Rf6 23. Nxd4 c5 24. Nc6 Qxd1 25. Rxd1 Be6 26. Nxe5 Rc8 27. Bc4 Bxc4 28. Nxc4
Re8 29. Rd7 Ree6 30. Rxa7 Rg6 31. f3 exf3 32. Nxf3 Re2 33. Rf2 Rxf2 34. Kxf2 1-0

[Event "AUTO-OPEN-791"]
[Site "http://www.queenalice.com/game.php?id=257631"]
[Date "2007.8.18"]
[Round "1"]
[White "phakister"]
[Black "dequeue"]
[Result "1-0"]
[WhiteElo "1752"]
[BlackElo "1752"]

1. e4 d5 2. Bd3 d4 3. Nf3 c5 4. Bc4 Nc6 5. d3 e5 6. O-O h6 7. Bd2 Nf6 8. h3 Be7
9. c3 O-O 10. Bb5 Na5 11. Nxe5 a6 12. Ba4 b5 13. Bc2 Bd6 14. Bf4 Qc7 15. Bh2
Bxe5 16. f4 Bxf4 17. Bxf4 Qd7 18. Bxh6 Qc6 19. Bg5 Nh7 20. Bd2 Qg6 21. cxd4 Bxh3
22. Qf3 Bd7 23. Bxa5 cxd4 24. Bb3 Be6 25. Nd2 Ng5 26. Qg3 Nh3+ 27. Kh2 Qh6 28.
Bxe6 Ng5+ 29. Bh3 Nxh3 30. gxh3 Rac8 31. Nb3 Rc6 32. Nxd4 Rg6 33. Nf5 Qh5 34.
Ne7+ Kh7 35. Nxg6 Rc8 36. Rf4 Rc2+ 37. Kh1 Kg8 38. Rh4 Qxg6 39. Qb8+ 1-0

[Event "AUTO-OPEN-791"]
[Site "http://www.queenalice.com/game.php?id=257632"]
[Date "2007.8.18"]
[Round "1"]
[White "dequeue"]
[Black "phakister"]
[Result "0-1"]
[WhiteElo "1790"]
[BlackElo "1683"]

1. f4 d6 2. Nf3 Nc6 3. g3 Bf5 4. Bg2 Nf6 5. d3 Ng4 6. h3 Nf6 7. Be3 e5 8. Nc3 a6
9. O-O d5 10. Bf2 Bd6 11. Nh4 g6 12. Nxf5 gxf5 13. Nxd5 Nxd5 14. Bxd5 exf4 15.
Kh2 fxg3+ 16. Kg2 gxf2 17. Bxf7+ Kxf7 18. Rxf2 Qg5+ 19. Kf1 Rag8 20. e3 Qg1+ 21.
Ke2 Nd4+ 22. exd4 Re8+ 23. Kd2 Qxf2+ 24. Kc3 Re2 25. Qf1 Rxc2+ 26. Kb3 Rxb2+ 27.
Kc4 Rb4+ 28. Kc3 Qb2# 0-1

[Event "AUTO-OPEN-791"]
[Site "http://www.queenalice.com/game.php?id=257633"]
[Date "2007.8.18"]
[Round "1"]
[White "phakister"]
[Black "adilson_camargo"]
[Result "1-0"]
[WhiteElo "1716"]
[BlackElo "1759"]

1. e4 e5 2. Nc3 Nf6 3. Bb5 a6 4. Bc4 Bc5 5. Nf3 d6 6. O-O O-O 7. d3 h6 8. Nh4
Nxe4 9. Nxe4 Bxf2+ 10. Rxf2 Qxh4 11. Qf3 Qe7 12. Bxh6 Be6 13. Bxg7 Kxg7 14. Qg3+
Kh8 15. Nf6 Nd7 16. Qh4+ Kg7 17. Qh7# 1-0

[Event "AUTO-OPEN-791"]
[Site "http://www.queenalice.com/game.php?id=257634"]
[Date "2007.8.18"]
[Round "1"]
[White "adilson_camargo"]
[Black "phakister"]
[Result "0-1"]
[WhiteElo "1782"]
[BlackElo "1734"]

1. d4 e6 2. c4 Bb4+ 3. Nc3 Qh4 4. Nf3 Qf6 5. e3 Ne7 6. Bd3 b6 7. e4 Qg6 8. O-O
a6 9. a3 Bxc3 10. bxc3 f6 11. Re1 O-O 12. e5 f5 13. Nh4 Qf7 14. Qf3 Nbc6 15. d5
Na5 16. dxe6 Qxe6 17. Qxa8 Bb7 18. Qxf8+ Kxf8 19. c5 Nb3 20. Rb1 Nxc5 21. Bc2
Be4 22. Bxe4 fxe4 23. Be3 Nd3 24. Red1 Nxe5 25. g3 Nd5 26. Bd2 Qh3 27. Re1 Nf3+
28. Nxf3 exf3 0-1

[Event "Challenge"]
[Site "http://www.queenalice.com/game.php?id=257844"]
[Date "2007.8.19"]
[Round "-"]
[White "REUSKING"]
[Black "phakister"]
[Result "1/2-1/2"]
[WhiteElo "1921"]
[BlackElo "1706"]

1. e4 e5 2. Nf3 Nc6 3. d4 d6 4. dxe5 dxe5 5. Qxd8+ Kxd8 6. Bc4 Be6 7. Bxe6 fxe6
8. Nc3 a6 9. Be3 Nf6 10. O-O-O+ Kc8 11. Ng5 Bb4 12. Bd2 h6 13. Nxe6 Bxc3 14.
Bxc3 Nxe4 15. Rhf1 Nxc3 16. bxc3 g5 17. Nc5 b6 18. Nd3 e4 19. Nb4 Kb7 20. Rfe1
Rhf8 21. Rd2 Rae8 22. Rde2 Rd8 23. Nxc6 Kxc6 24. Rd1 Rxd1+ 25. Kxd1 Kd5 26. Kd2
Rd8 27. Kc1 Re8 28. Kb2 Kc4 29. a3 b5 30. g3 h5 31. h3 g4 32. h4 a5 33. Re3 a4
34. Re2 c6 35. Re3 c5 36. Re2 Re7 37. Re3 Re5 38. Re2 Re6 1/2-1/2

[Event "AUTO-OPEN-791"]
[Site "http://www.queenalice.com/game.php?id=293865"]
[Date "2007.10.27"]
[Round "2"]
[White "phakister"]
[Black "Rafaelpimentel"]
[Result "1-0"]
[WhiteElo "1796"]
[BlackElo "1913"]

1. e4 e5 2. Nc3 Bc5 3. Nf3 Nc6 4. Nxe5 Bxf2+ 5. Kxf2 Nxe5 6. d4 Ng6 7. Be2 d6 8.
Rf1 Bd7 9. Kg1 Nf6 10. Bg5 Qe7 11. Nd5 Nxd5 12. Bxe7 Ne3 13. Qc1 Nxf1 14. Bg5
Nxh2 15. Kxh2 h6 16. Bd2 1-0

[Event "AUTO-OPEN-791"]
[Site "http://www.queenalice.com/game.php?id=293866"]
[Date "2007.10.27"]
[Round "2"]
[White "Rafaelpimentel"]
[Black "phakister"]
[Result "1-0"]
[WhiteElo "1932"]
[BlackElo "1783"]

1. Nf3 d5 2. b3 Nc6 3. e3 e5 4. Bb2 e4 5. Ng1 Nf6 6. Bb5 Bd6 7. d3 O-O 8. Ne2
Ne5 9. d4 Ng6 10. Ng3 Ng4 11. Be2 Qh4 12. Bxg4 Bxg4 13. Qd2 f5 14. Nc3 f4 15.
Nce2 fxg3 16. fxg3 Qf6 17. Nf4 Nxf4 18. gxf4 Qh4+ 19. Qf2 Qxf2+ 20. Kxf2 g5 21.
h3 Be6 22. g3 Kf7 23. h4 gxf4 24. gxf4 Rg8 25. h5 h6 26. Rac1 b5 27. Bc3 1-0

[Event "AUTO-OPEN-791"]
[Site "http://www.queenalice.com/game.php?id=293867"]
[Date "2007.10.27"]
[Round "2"]
[White "phakister"]
[Black "filatelista"]
[Result "0-1"]
[WhiteElo "1785"]
[BlackElo "2157"]

1. e4 e5 2. Nc3 Nc6 3. Nf3 Nf6 4. Bc4 h6 5. O-O Be7 6. d4 exd4 7. Nxd4 Ne5 8.
Bb5 a6 9. f4 Nc6 10. Nxc6 bxc6 11. Bc4 O-O 12. e5 Ne8 13. Be3 d5 14. Bb3 Bf5 15.
Na4 Qc8 16. Bc5 Bxc5+ 17. Nxc5 Qb8 18. Qd4 a5 19. Ba4 Qb6 20. Rf3 Qb4 21. Qxb4
axb4 22. Bxc6 Ra5 23. Nb3 Ra6 24. Bxd5 Bxc2 25. Rc1 Bf5 26. Nd4 Bg4 27. Rd3 Be6
28. Nxe6 fxe6 29. Rc6 Rxc6 30. Bxc6 g6 0-1

[Event "AUTO-OPEN-791"]
[Site "http://www.queenalice.com/game.php?id=293868"]
[Date "2007.10.27"]
[Round "2"]
[White "filatelista"]
[Black "phakister"]
[Result "1-0"]
[WhiteElo "2156"]
[BlackElo "1787"]

1. d4 Nf6 2. c4 e6 3. a3 d5 4. cxd5 exd5 5. Nc3 Be7 6. Nf3 c6 7. h3 Ne4 8. e3
Bf5 9. Qb3 Qb6 10. Qxb6 axb6 11. Be2 Nxc3 12. bxc3 b5 13. O-O Nd7 14. Bb2 Nb6
15. Bc1 O-O 16. Bb2 Na4 17. Ra2 Nxb2 18. Rxb2 Rxa3 19. Rc1 Rfa8 20. Ne5 f6 21.
Bg4 Bxg4 22. Nxg4 Bd6 23. Rbc2 b6 24. Nh2 Kf7 25. Nf3 Ke6 26. Kf1 h5 27. Ke2 f5
28. g3 R8a7 29. h4 Kf6 30. Ng5 R7a5 31. Rd1 1-0

[Event "Challenge"]
[Site "http://www.queenalice.com/game.php?id=330127"]
[Date "2008.1.3"]
[Round "-"]
[White "TheWatcher"]
[Black "phakister"]
[Result "1-0"]
[WhiteElo "1394"]
[BlackElo "1817"]

1. d4 d5 2. Nf3 Nf6 3. g3 e6 4. Bg2 Nc6 5. O-O Be7 6. Re1 O-O 7. Nbd2 a5 8. a4
Ne4 9. Nf1 f6 10. c3 e5 11. N1d2 Be6 12. Qb3 1-0